| 000 | 00731nam a22002297a 4500 | ||
|---|---|---|---|
| 003 | NUST-PNEC | ||
| 005 | 20170116180732.0 | ||
| 008 | 141119b xxu||||| |||| 00| 0 eng d | ||
| 020 | _a0596003137 | ||
| 020 | _a8173661235 | ||
| 040 | _cPNEC | ||
| 082 | _a005.133 CHR | ||
| 100 |
_91000 _aChristiansen Tom |
||
| 245 |
_aPerl cookbook _cTom Christiansen; Nathan Torkington |
||
| 250 | _a2nd ed. | ||
| 260 |
_aSebastopol, CA : _bO'Reilly, _cc2003. |
||
| 300 |
_axxxiv, 927 p. : _b ill. ; _c24 cm. |
||
| 500 | _aIncludes index. | ||
| 650 | _xMIS, Computer | ||
| 856 | _uhttp://www.amazon.com/Perl-Cookbook-Second-Tom-Christiansen/dp/0596003137/ref=sr_1_1?ie=UTF8&qid=1416376050&sr=8-1&keywords=0596003137 | ||
| 942 |
_2ddc _cBK |
||
| 999 |
_c61836 _d61836 |
||